Comunicaciones y acceso a la información en la biblioteca /

محفوظ في:
التفاصيل البيبلوغرافية
المؤلف الرئيسي: Adams, Roy (autor)
التنسيق: كتاب
اللغة:الإسبانية
منشور في: Madrid, España : Fundación Germán Sánchez Ruipérez : Pirámide, 1994, c1994
الموضوعات:
الوسوم: إضافة وسم
لا توجد وسوم, كن أول من يضع وسما على هذه التسجيلة!

MARC

LEADER 00000nam^a2200000^a^4500
001 000194578
005 20250521000000.0
009 20260310102722.033
020 |a 84-86168-90-2 
020 |a 84-368-0817-7 
037 |a Acervo ITESO - Biblioteca 
041 |a ESP 
082 |a 025. 04  |b ADA 
100 |a Adams, Roy  |e (autor) 
245 1 0 |a Comunicaciones y acceso a la información en la biblioteca /  |c R. Adams ; tr. por David Torra Ferrer. 
264 4 |a Madrid, España :  |b Fundación Germán Sánchez Ruipérez :  |b Pirámide,  |c 1994, c1994 
300 |a 319 p. 
336 |a texto  |b txt  |2 rdacontenido 
337 |a sin mediación  |b n  |2 rdamedio 
338 |a volumen  |b nc  |2 rdasoporte 
649 |a XX 
650 |a Bibliotecas -  |x Aspectos Tecnológicos -  |x Tema Principal 
650 |a Bases de Datos 
650 |a Sistemas de Información 
650 |a Redes de Computadoras 
650 |a Tecnologías de Comunicación e Información -  |x Tema Principal 
650 |a Comunicación Masiva 
650 |a Biblioteconomía 
910 |a Fondo General 
920 |a Impresos - Libros 
930 |a Obras de Referencia 
940 |a Biblioteconomía 
905 |a 102 
901 |a 0500139595  |b IT2  |c REF  |u 20250521 
902 |a https://opac.biblio.iteso.mx/vufind/Record/000194578